Normal view
MARC view
- Koffka, Kurt,
Entry Nombre Personal
001 - NUMERO DE CONTROL
- campo de control: 52685
003 - IDENTIFICADOR DE NUMERO DE CONTROL
- campo de control: DLC
005 - FECHA Y HORA DE LA ÜLTIMA TRANSACCIÓN
- campo de control: 20240704135737.0
008 - DATOS DE LONGITUD FIJA
- campo de control de longitud fija: 800306n| acannaabn |n aaa
010 ## - NÚMERO DE CONTROL DE LA BIBLIOTECA DEL CONGRESO
- Número de control LC: n 80024580
035 ## - NUMERO DE CONTROL
- Número de control: (OCoLC)oca00406879
040 ## - FUENTE DE CATALOGACIÓN
- Agencia original de catalogación: DLC
- Lenguaje de catalogación: spa
- Agencia de transcripción: DLC
- Agencia que lo modifica: OCoLC
- Agencia que lo modifica: MX-MxUPN
100 1# - ENCABEZAMIENTO - NOMBRE PERSONAL
- Nombre personal: Koffka, Kurt,
- Fechas asociadas con el nombre: 1886-1941
670 ## - FUENTE EN LA QUE SE LOCALIZARON DATOS
- Cita de la fuente: Archiv für Religionspsychologie ... 1914.
670 ## - FUENTE EN LA QUE SE LOCALIZARON DATOS
- Cita de la fuente: La teoría de la estructura : la psicología novísima, 1930:
- Información localizada: portada (Kurt Koffka)
902 ## - CATALOGADOR
- Catalogador: Víctor Ruiz/040724
